000 00459nam a2200181Ia 4500
008 230524s9999 xx 000 0 und d
020 _a9788181289520
082 _a620.0028554
_bGUS
100 _aFredrik Gustafsson
_941960
245 0 _aMATLAB for Engineers Explained
250 _a1
260 _aNew Delhi
_bSpringer
_c2008
300 _a168p;
500 _aQuantity Number: 1
650 _aComp-Sc
700 _aNiclas Bergman
_941961
942 _cBK
999 _c56375
_d56375